Buddhist Cities - Sudden Death - Statistics

General Stats
  • This quiz has been taken 73 times
    38 since last reset
  • The average score is 6 of 15
Answers on the Grid
Answers color-coded by a green-red scale on the quiz's grid according to % correct below.
Bangalore
Busan
Chiang Mai
Chittagong
Colombo
Darkhan
Erdenet
Hanoi
Ho Chi Minh City
Hong Kong
Kathmandu
Kolkata
Kuala Lumpur
Kunming
Male
Mandalay
Manila
Naypyidaw
Phnom Penh
Savannakhet
Siem Reap
Singapore
Sri Jayawardenepura Kotte
Surabaya
Taipei
Thimphu
Ubon Ratchathani
Ulaanbaatar
Vientiane
Yangon
 
Answer Stats
Answer % Correct
Chiang Mai
70%
Thimphu
60%
Colombo
50%
Mandalay
50%
Naypyidaw
40%
Phnom Penh
40%
Siem Reap
40%
Yangon
40%
Sri Jayawardenepura Kotte
30%
Ubon Ratchathani
30%
Vientiane
30%
Darkhan
20%
Erdenet
20%
Savannakhet
20%
Ulaanbaatar
20%
No matching quizzes found
Score Distribution
Percent of People with Each Score
Percentile by Number Answered
Your Score History
You have not taken this quiz since the last reset